[Event "Oebro Nytaar 2022"]
[Site "Copenhagen"]
[Date "2022.12.28"]
[Round "3.7"]
[White "Kakulidis, Ellen"]
[Black "Moller, Arne Vagn"]
[Result "1-0"]
[WhiteElo "2033"]
[BlackElo "1822"]
[PlyCount "51"]
[EventDate "2022.12.27"]
[EventType "swiss"]
[EventRounds "7"]
[EventCountry "DEN"]
[SourceTitle "Live"]

1. d4 Nf6 2. g3 e6 3. Bg2 d5 4. Nf3 Be7 5. O-O O-O 6. c4 c6 7. Qc2 Nbd7 8. Nbd2
b6 9. e4 dxe4 10. Nxe4 Bb7 11. Nxf6+ Nxf6 12. Rd1 b5 13. Ne5 Rc8 14. Qe2 bxc4
15. Nxc4 Ba6 16. b3 Nd5 17. Bb2 Bf6 18. Rac1 c5 19. dxc5 Bxb2 20. Qxb2 Rxc5 21.
Qa3 Rc6 22. Ne5 Rd6 23. Nc6 Qd7 24. Qxa6 Rc8 25. Bxd5 Rcxc6 26. Rxc6 1-0

[Event "Oebro Nytaar 2022"]
[Site "Copenhagen"]
[Date "2022.12.28"]
[Round "3.8"]
[White "Vehl, Tina"]
[Black "Jorgensen, Orla Eilegaard"]
[Result "1-0"]
[WhiteElo "1820"]
[BlackElo "1482"]
[PlyCount "99"]
[EventDate "2022.12.27"]
[EventType "swiss"]
[EventRounds "7"]
[EventCountry "DEN"]
[SourceTitle "Live"]

1. e4 c5 2. Nc3 a6 3. g3 d6 4. Bg2 Nf6 5. d3 g6 6. f4 Bg7 7. Nf3 Nc6 8. O-O O-O
9. h3 Bd7 10. Be3 Nh5 11. Kh2 f5 12. Qd2 Nf6 13. Rab1 Rb8 14. e5 Ne8 15. Ng5 h6
16. Bd5+ Kh8 17. Nf7+ Rxf7 18. Bxf7 Kh7 19. Bd5 e6 20. Bg2 b6 21. exd6 Nxd6 22.
Qf2 Qc7 23. Ne2 Nb4 24. Nc3 Nc6 25. a3 Nd4 26. Nd1 Bc6 27. c3 Bxg2 28. Qxg2 Nb3
29. Qe2 Re8 30. Qf2 e5 31. fxe5 Bxe5 32. Bf4 Bg7 33. Re1 Rxe1 34. Qxe1 g5 35.
Be3 Nf7 36. Qf2 Kg6 37. d4 cxd4 38. cxd4 Nxd4 39. Bxd4 Bxd4 40. Qe2 Be5 41. Qd3
Bxg3+ 42. Kg2 Bf4 43. Nc3 Ne5 44. Qd5 Nc4 45. Re1 Be5 46. Qe6+ Bf6 47. Qxf6+
Kh5 48. Re6 Qb7+ 49. Kf2 Qh7 50. Re7 1-0

[Event "Oebro Nytaar 2022"]
[Site "Copenhagen"]
[Date "2022.12.28"]
[Round "3.9"]
[White "Loftgaard, Mikkel Vinh"]
[Black "Nielsen Refs, Karl Emil Elmer"]
[Result "1/2-1/2"]
[WhiteElo "2130"]
[BlackElo "1981"]
[PlyCount "111"]
[EventDate "2022.12.27"]
[EventType "swiss"]
[EventRounds "7"]
[EventCountry "DEN"]
[SourceTitle "Live"]

1. e4 c5 2. c3 d5 3. exd5 Qxd5 4. d4 Nf6 5. Nf3 Bg4 6. Be2 e6 7. O-O Nc6 8. Be3
cxd4 9. Nxd4 Bxe2 10. Qxe2 Nxd4 11. Bxd4 Be7 12. Rd1 Qf5 13. Nd2 O-O 14. Nc4
Nd5 15. Ne5 f6 16. Nc4 Rfd8 17. Ne3 Qe4 18. f3 Nf4 19. Qb5 Qc6 20. Qxc6 bxc6
21. Nc2 Rab8 22. b3 c5 23. Be3 Ne2+ 24. Kf2 Nxc3 25. Rxd8+ Rxd8 26. Na3 f5 27.
Nc4 Rd1 28. Rxd1 Nxd1+ 29. Ke2 Nc3+ 30. Kd3 Nxa2 31. Ne5 Bd6 32. Nc6 a6 33. Kc4
Kf7 34. Bxc5 Bxh2 35. Be3 Bd6 36. b4 Ke8 37. Bd2 Kd7 38. Nd4 Be5 39. Ne2 Bd6
40. Nd4 Nxb4 41. Bxb4 Bxb4 42. Kxb4 Kd6 43. Kc4 g5 44. Nb3 Ke5 45. Nc5 a5 46.
Nd3+ Kd6 47. Kd4 a4 48. Ne5 Ke7 49. Nc4 Kf6 50. g4 fxg4 51. fxg4 h5 52. gxh5 g4
53. h6 g3 54. h7 Kg7 55. Ke3 Kxh7 56. Kf3 1/2-1/2

[Event "Oebro Nytaar 2022"]
[Site "Copenhagen"]
[Date "2022.12.28"]
[Round "4.1"]
[White "Nilssen, John Arni"]
[Black "Hamitevici, Vladimir"]
[Result "1-0"]
[WhiteElo "2321"]
[BlackElo "2502"]
[PlyCount "187"]
[EventDate "2022.12.27"]
[EventType "swiss"]
[EventRounds "7"]
[EventCountry "DEN"]
[SourceTitle "Live"]

1. c4 e5 2. g3 d6 3. Bg2 Be7 4. Nc3 f5 5. d3 Nf6 6. e3 O-O 7. Nge2 c6 8. b4 Be6
9. O-O Bf7 10. Rb1 d5 11. cxd5 cxd5 12. f4 e4 13. Nd4 g6 14. h3 Nc6 15. Nxc6
bxc6 16. d4 a5 17. b5 Bb4 18. Bd2 c5 19. Ne2 Ne8 20. Bc1 c4 21. Bd2 Qe7 22. Qe1
Bxd2 23. Qxd2 Nd6 24. Nc3 Rfb8 25. a4 Nc8 26. Rf2 Nb6 27. Bf1 Be6 28. Rg2 Bd7
29. Be2 Rf8 30. Rf1 h6 31. Bd1 Kh7 32. Kh2 Rf6 33. Qe1 g5 34. Rff2 Rg8 35. Ra2
Be8 36. Raf2 Bf7 37. Qf1 Be6 38. Qe1 Rfg6 39. Bh5 R6g7 40. Bd1 Qd6 41. Kh1 Kh8
42. Kh2 Nc8 43. Rb2 Ne7 44. Ne2 Ra8 45. Nc3 Bf7 46. Kh1 Rag8 47. Rbf2 Be6 48.
Rb2 Bf7 49. Rbf2 Qd8 50. Qf1 gxf4 51. gxf4 Rg3 52. Qe1 Nc8 53. Rxg3 Rxg3 54.
Rg2 Rxh3+ 55. Rh2 Rxh2+ 56. Kxh2 Nb6 57. Kh3 Qd6 58. Qh4 Kg7 59. Qg3+ Kf8 60.
Qh4 Ke8 61. Qe1 Qb4 62. Qd2 Kd7 63. Qc2 Kc8 64. Qd2 Nd7 65. Qc2 Nf6 66. Qd2 Kd7
67. Kg3 Bh5 68. Bxh5 Nxh5+ 69. Kh4 Nf6 70. Qc1 Ke6 71. Kh3 Ng4 72. Kg3 h5 73.
Qd2 Qa3 74. Kh4 Qa1 75. b6 Qh1+ 76. Kg5 Qg1 77. Qd1 Qg2 78. Qe2 Nf2+ 79. Kh6
Ng4+ 80. Kg5 Qxe2 81. Nxe2 Kd7 82. Kxf5 Nxe3+ 83. Kg5 Kc6 84. Kxh5 Kxb6 85. Kg5
Kc6 86. f5 Kd7 87. f6 Ke8 88. Kg6 Kf8 89. Nf4 c3 90. Ne6+ Ke8 91. f7+ Kd7 92.
Nc5+ Kc6 93. f8=Q c2 94. Qc8+ 1-0

[Event "Oebro Nytaar 2022"]
[Site "Copenhagen"]
[Date "2022.12.28"]
[Round "4.2"]
[White "Hector, Jonny"]
[Black "Ramsdal, Jens Albert"]
[Result "1/2-1/2"]
[WhiteElo "2451"]
[BlackElo "2320"]
[PlyCount "197"]
[EventDate "2022.12.27"]
[EventType "swiss"]
[EventRounds "7"]
[EventCountry "DEN"]
[SourceTitle "Live"]

1. e4 e5 2. Nf3 Nc6 3. Bc4 Nf6 4. d3 Bc5 5. c3 a6 6. Bb3 d6 7. O-O Ba7 8. Be3
Bxe3 9. fxe3 O-O 10. c4 Ne7 11. Nc3 Ng6 12. Qe1 Be6 13. Bc2 b5 14. cxb5 axb5
15. Nxb5 Qb8 16. a4 c6 17. Nc3 Qxb2 18. Qd2 Qb6 19. d4 Qa5 20. Rfd1 Bg4 21. h3
Bxf3 22. gxf3 exd4 23. exd4 Qh5 24. Rf1 Qxh3 25. Qh2 Qxh2+ 26. Kxh2 Ra5 27.
Rab1 Rh5+ 28. Kg3 Rg5+ 29. Kf2 h5 30. Rg1 Rxg1 31. Rxg1 Ra8 32. Ke3 Kf8 33. f4
c5 34. dxc5 dxc5 35. Rg5 h4 36. e5 Re8 37. Kf3 Nd7 38. Bxg6 fxg6 39. Rxg6 Rxe5
40. Rd6 Re7 41. Nd5 Rf7 42. a5 g5 43. a6 Ne5+ 44. Ke4 Ng4 45. Rb6 h3 46. Kf3 h2
47. Rb1 gxf4 48. Kxg4 f3 49. Rh1 f2 50. Ne3 Rg7+ 51. Kf4 Ra7 52. Rxh2 Rxa6 53.
Rxf2 Ke7 54. Rh2 Kd7 55. Ke4 Kc6 56. Nc4 Ra4 57. Kd3 Kb5 58. Rh8 Rb4 59. Na3+
Kc6 60. Nc2 Ra4 61. Kc3 Rf4 62. Rc8+ Kd6 63. Ne3 Rf3 64. Kd3 Rh3 65. Re8 Kc6
66. Kd2 Rh2+ 67. Kc3 Rh3 68. Re4 Kb5 69. Kd3 Rg3 70. Rh4 Rf3 71. Ke4 Rf8 72.
Nf5 Rg8 73. Nd6+ Kc6 74. Rh6 Rg1 75. Nc4+ Kb5 76. Ne3 Rg8 77. Re6 Rg1 78. Re8
Rh1 79. Rb8+ Kc6 80. Nc4 Rh4+ 81. Kd3 Rh3+ 82. Ne3 Rg3 83. Rh8 Kb5 84. Rf8 Rh3
85. Rg8 Rf3 86. Ke4 Rh3 87. Nf5 Rh1 88. Nd6+ Kc6 89. Rg6 Rh4+ 90. Ke5 Rh5+ 91.
Nf5+ Kb5 92. Ke4 Rh1 93. Nd6+ Kb4 94. Kd5 Rh5+ 95. Kc6 Rh4 96. Rg5 c4 97. Rb5+
Kc3 98. Rc5 Kd3 99. Rxc4 1/2-1/2

[Event "Oebro Nytaar 2022"]
[Site "Copenhagen"]
[Date "2022.12.28"]
[Round "4.3"]
[White "Wahlgreen, Noah Krug"]
[Black "Nielsen, Viktor Haarmark"]
[Result "0-1"]
[WhiteElo "1981"]
[BlackElo "2379"]
[PlyCount "83"]
[EventDate "2022.12.27"]
[EventType "swiss"]
[EventRounds "7"]
[EventCountry "DEN"]
[SourceTitle "Live"]

1. d4 Nf6 2. Bf4 d5 3. e3 e6 4. Nf3 Bd6 5. Bg3 O-O 6. Nbd2 b6 7. Bd3 Bb7 8. O-O
Nbd7 9. Qe2 Bxg3 10. hxg3 Ne4 11. c3 Qe7 12. Bc2 Nxd2 13. Nxd2 e5 14. dxe5 Nxe5
15. e4 Nd7 16. Rfe1 Rfe8 17. Kf1 Qg5 18. Rad1 Nf6 19. Qf3 Ng4 20. Qf5 Qxf5 21.
exf5 Ba6+ 22. Kg1 Be2 23. Ra1 Nf6 24. Ba4 b5 25. Bc2 c5 26. f3 d4 27. cxd4 cxd4
28. Kf2 Rac8 29. Rac1 d3 30. Bb3 h5 31. Rxc8 Rxc8 32. Ke3 Rc5 33. Bd1 Rc1 34.
Rxe2 dxe2 35. Bxe2 Nd5+ 36. Kd3 Nb4+ 37. Ke3 Rc2 38. Bxb5 Rxb2 39. a4 Nc2+ 40.
Kd3 Ne1+ 41. Kc3 Rc2+ 42. Kd4 0-1

[Event "Oebro Nytaar 2022"]
[Site "Copenhagen"]
[Date "2022.12.28"]
[Round "4.4"]
[White "Kistrup, Nicolai"]
[Black "Olsen, Peter Erik"]
[Result "1/2-1/2"]
[WhiteElo "2290"]
[BlackElo "2170"]
[PlyCount "83"]
[EventDate "2022.12.27"]
[EventType "swiss"]
[EventRounds "7"]
[EventCountry "DEN"]
[SourceTitle "Live"]

1. d4 Nf6 2. c4 c5 3. d5 b5 4. cxb5 a6 5. bxa6 g6 6. Nc3 d6 7. e4 Bg7 8. Bb5+
Nbd7 9. Qe2 O-O 10. Nf3 Qa5 11. Bd2 Bxa6 12. a4 Ne8 13. O-O Nc7 14. Rfb1 Qb6
15. Bc4 Rfb8 16. b3 Qa7 17. Ra3 Nb6 18. Bxa6 Qxa6 19. Qxa6 Rxa6 20. Ra2 Bxc3
21. Bxc3 Nxa4 22. Be1 Nb6 23. Rxa6 Nxa6 24. Ra1 Ra8 25. Kf1 Nc7 26. Rxa8+ Ncxa8
27. Ke2 f5 28. exf5 gxf5 29. Nh4 f4 30. Kf3 Nxd5 31. Bd2 Nac7 32. Nf5 Nb5 33.
Bxf4 Nxf4 34. Kxf4 e6 35. Ne7+ Kf7 36. Nc6 Kf6 37. Ke3 Nc3 38. f4 h5 39. g3
Nd5+ 40. Ke4 Nc3+ 41. Kd3 Nd5 42. Ke4 1/2-1/2

[Event "Oebro Nytaar 2022"]
[Site "Copenhagen"]
[Date "2022.12.28"]
[Round "4.5"]
[White "Nielsen, Lars Aaes"]
[Black "Lauritsen, Martin Lee"]
[Result "1/2-1/2"]
[WhiteElo "2182"]
[BlackElo "2058"]
[PlyCount "43"]
[EventDate "2022.12.27"]
[EventType "swiss"]
[EventRounds "7"]
[EventCountry "DEN"]
[SourceTitle "Live"]

1. e4 c5 2. c3 Nf6 3. e5 Nd5 4. Nf3 Nc6 5. d4 cxd4 6. cxd4 d6 7. Bc4 Nb6 8. Bb5
d5 9. Bf4 Bg4 10. Bxc6+ bxc6 11. Nbd2 e6 12. O-O Rc8 13. h3 Bh5 14. Rc1 c5 15.
dxc5 Bxc5 16. Nb3 Be7 17. Qe2 O-O 18. Na5 Qd7 19. g4 Bg6 20. Nd4 Bc5 21. Ndb3
Bb4 22. Bd2 1/2-1/2

[Event "Oebro Nytaar 2022"]
[Site "Copenhagen"]
[Date "2022.12.28"]
[Round "4.6"]
[White "Porte, Henrik"]
[Black "Kakulidis, Ellen"]
[Result "1-0"]
[WhiteElo "2164"]
[BlackElo "2033"]
[PlyCount "61"]
[EventDate "2022.12.27"]
[EventType "swiss"]
[EventRounds "7"]
[EventCountry "DEN"]
[SourceTitle "Live"]

1. d4 d5 2. c4 e6 3. Nc3 Be7 4. Nf3 Nf6 5. Bg5 Nbd7 6. cxd5 Nxd5 7. Bxe7 Qxe7
8. e3 O-O 9. Bd3 Nxc3 10. bxc3 e5 11. Qc2 g6 12. O-O c5 13. Rac1 Re8 14. Bb5 e4
15. Ne5 Nxe5 16. dxe5 Bd7 17. Bxd7 Qxd7 18. Qxe4 b6 19. Rcd1 Qe6 20. f4 Qxa2
21. f5 Rad8 22. Rxd8 Rxd8 23. c4 gxf5 24. Qxf5 Qd2 25. Qxf7+ Kh8 26. Qf6+ Kg8
27. Qg5+ Kh8 28. e6 Qd6 29. Qf6+ Kg8 30. Qf7+ Kh8 31. e7 1-0

[Event "Oebro Nytaar 2022"]
[Site "Copenhagen"]
[Date "2022.12.28"]
[Round "4.8"]
[White "Falkesgaard, Jeppe Hald"]
[Black "Jalving, August"]
[Result "1-0"]
[WhiteElo "2125"]
[BlackElo "1798"]
[PlyCount "81"]
[EventDate "2022.12.27"]
[EventType "swiss"]
[EventRounds "7"]
[EventCountry "DEN"]
[SourceTitle "Live"]

1. c4 Nf6 2. Nc3 e5 3. Nf3 Nc6 4. e4 Bc5 5. Nxe5 Nxe5 6. d4 Bd6 7. c5 Bxc5 8.
dxe5 Ng8 9. Qh5 g6 10. Qf3 d6 11. Bf4 h5 12. exd6 cxd6 13. h3 g5 14. Bb5+ Kf8
15. Bh2 Be6 16. O-O-O a6 17. Be2 Qe7 18. Kb1 Rh6 19. Qd3 b5 20. f4 Rd8 21. Rhf1
g4 22. f5 Bc4 23. Qc2 Bxe2 24. Qxe2 Nf6 25. Qd2 Ng8 26. e5 Qc7 27. Nd5 Qc6 28.
e6 fxe6 29. fxe6+ Kg7 30. Rf7+ Kh8 31. Qc3+ Nf6 32. Nxf6 b4 33. Qc1 Rxf6 34.
Rxf6 Qe4+ 35. Ka1 Be3 36. Qb1 Qxg2 37. Qg6 Qxh2 38. Qxh5+ Kg8 39. Rg6+ Kf8 40.
Qf5+ Ke7 41. Qf7# 1-0

[Event "Oebro Nytaar 2022"]
[Site "Copenhagen"]
[Date "2022.12.28"]
[Round "4.9"]
[White "Andries, Leia"]
[Black "Li, Anna Sofie"]
[Result "1/2-1/2"]
[WhiteElo "1440"]
[BlackElo "1472"]
[PlyCount "70"]
[EventDate "2022.12.27"]
[EventType "swiss"]
[EventRounds "7"]
[EventCountry "DEN"]
[SourceTitle "Live"]

1. e4 e5 2. Nf3 Nc6 3. d4 exd4 4. Nxd4 Nf6 5. Nxc6 bxc6 6. e5 Nd5 7. c4 Nb6 8.
Bd3 Bc5 9. O-O d6 10. exd6 cxd6 11. Re1+ Be6 12. Qf3 Qd7 13. Be3 Bxe3 14. Qxe3
O-O 15. Nd2 Bf5 16. h3 Rfe8 17. Qf3 Bxd3 18. Qxd3 h6 19. b3 Qc7 20. Qg3 Nd7 21.
Rad1 Ne5 22. Ne4 Re6 23. Nxd6 Qe7 24. Nf5 Qf6 25. Nd4 Re7 26. Nf3 Rae8 27. Nxe5
Rxe5 28. Rxe5 Rxe5 29. Rd8+ Qxd8 30. Qxe5 a6 31. Qc5 Qf6 32. Qa5 Qb2 33. Qxa6
Qc1+ 34. Kh2 Qf4+ 35. Kg1 Qc1+ 1/2-1/2

[Event "Oebro Nytaar 2022"]
[Site "Copenhagen"]
[Date "2022.12.28"]
[Round "4.10"]
[White "Olsen, Bjorn"]
[Black "Moe, Mogens"]
[Result "0-1"]
[WhiteElo "1782"]
[BlackElo "2160"]
[PlyCount "88"]
[EventDate "2022.12.27"]
[EventType "swiss"]
[EventRounds "7"]
[EventCountry "DEN"]
[SourceTitle "Live"]

1. e4 c5 2. Be2 Nc6 3. f4 g6 4. Nf3 Bg7 5. d3 d6 6. c3 Nf6 7. O-O O-O 8. Kh1
Rb8 9. Be3 b5 10. Nbd2 b4 11. Qc2 Ba6 12. Ng5 h6 13. Nh3 bxc3 14. bxc3 Qa5 15.
Bf3 Nd7 16. e5 Rb6 17. exd6 Qxc3 18. Qxc3 Bxc3 19. Bxc6 Rxc6 20. dxe7 Re8 21.
Rac1 Bxd2 22. Bxd2 Rxe7 23. Nf2 Re2 24. Rcd1 Rb6 25. Bc3 Rxa2 26. Kg1 Rb3 27.
Rc1 Raa3 28. Ba1 Bxd3 29. Rfe1 Kf8 30. Ng4 Ra6 31. Ne3 Re6 32. Kf2 Re4 33. g3
Ra3 34. Bb2 Ra2 35. Nd1 Rb4 36. Ke3 Bf5 37. Re2 Re4+ 38. Kf2 Rxe2+ 39. Kxe2
Bg4+ 40. Ke1 Bxd1 41. Rxd1 Ke8 42. Rd2 f5 43. Re2+ Kf7 44. Rd2 Nb6 0-1

[Event "Oebro Nytaar 2022"]
[Site "Copenhagen"]
[Date "2022.12.29"]
[Round "5.1"]
[White "Nielsen, Viktor Haarmark"]
[Black "Nilssen, John Arni"]
[Result "1-0"]
[WhiteElo "2379"]
[BlackElo "2321"]
[PlyCount "79"]
[EventDate "2022.12.27"]
[EventType "swiss"]
[EventRounds "7"]
[EventCountry "DEN"]
[SourceTitle "Live"]

1. d4 d5 2. c4 e6 3. Nf3 a6 4. g3 dxc4 5. Bg2 Nf6 6. O-O Nc6 7. Qd2 Rb8 8. Ne5
Nxe5 9. dxe5 Qxd2 10. Nxd2 Nd7 11. Nxc4 Bb4 12. a3 b5 13. axb4 bxc4 14. Bd2 O-O
15. Rfc1 Rd8 16. Rd1 Nb6 17. Be3 Nd5 18. Ba7 Ra8 19. Bc5 Bd7 20. Bxd5 exd5 21.
Rxd5 Bb5 22. Rad1 Rxd5 23. Rxd5 Re8 24. f4 f6 25. Bd4 Kf7 26. Rc5 Re7 27. exf6
gxf6 28. e3 Kg6 29. g4 h6 30. Kf2 Ba4 31. Rxc4 h5 32. gxh5+ Kxh5 33. Bxf6 Rd7
34. Bd4 Kg4 35. Rc5 Rh7 36. Rg5+ Kh3 37. f5 Bc2 38. Rg3+ Kxh2 39. Be5 Re7 40.
Rg7+ 1-0

[Event "Oebro Nytaar 2022"]
[Site "Copenhagen"]
[Date "2022.12.29"]
[Round "5.2"]
[White "Hamitevici, Vladimir"]
[Black "Hector, Jonny"]
[Result "1/2-1/2"]
[WhiteElo "2502"]
[BlackElo "2451"]
[PlyCount "83"]
[EventDate "2022.12.27"]
[EventType "swiss"]
[EventRounds "7"]
[EventCountry "DEN"]
[SourceTitle "Live"]

1. c4 e5 2. Nc3 Bb4 3. Nd5 a5 4. a3 Be7 5. e3 Nf6 6. Nxe7 Qxe7 7. Ne2 O-O 8.
Nc3 Rd8 9. Be2 d5 10. cxd5 Nxd5 11. Qc2 Nxc3 12. Qxc3 Rd6 13. b3 Bf5 14. d3 Rc6
15. Qb2 Nd7 16. e4 Be6 17. Be3 f6 18. O-O Nc5 19. b4 Na4 20. Qd2 Nc3 21. Bc5
Nxe2+ 22. Qxe2 Qd7 23. h3 b6 24. Be3 Rd6 25. Rad1 axb4 26. axb4 Ra2 27. Qh5 Bf7
28. Qg4 Rb2 29. Qxd7 Rxd7 30. Rb1 Rb3 31. Rfd1 Rdxd3 32. Rxd3 Rxb1+ 33. Kh2 Be6
34. Rc3 Rxb4 35. Rxc7 b5 36. Rb7 h5 37. Bc5 Rb3 38. Rb8+ Kh7 39. Rb7 Kg8 40.
Rb8+ Kf7 41. Rb7+ Kg8 42. Rb8+ 1/2-1/2

[Event "Oebro Nytaar 2022"]
[Site "Copenhagen"]
[Date "2022.12.29"]
[Round "5.3"]
[White "Ramsdal, Jens Albert"]
[Black "Falkesgaard, Jeppe Hald"]
[Result "1-0"]
[WhiteElo "2320"]
[BlackElo "2125"]
[PlyCount "51"]
[EventDate "2022.12.27"]
[EventType "swiss"]
[EventRounds "7"]
[EventCountry "DEN"]
[SourceTitle "Live"]

1. c4 Nf6 2. Nc3 c5 3. Nf3 Nc6 4. d4 d6 5. d5 Na5 6. e4 g6 7. h3 Bg7 8. Bd3 O-O
9. O-O a6 10. Qc2 Rb8 11. a4 e5 12. g4 h5 13. g5 Nh7 14. Kh2 Qd7 15. Ng1 f6 16.
f4 exf4 17. gxf6 Bxf6 18. Bxf4 g5 19. e5 dxe5 20. Be3 b6 21. Ne4 Be7 22. Rxf8+
Kxf8 23. Rf1+ Kg7 24. Qf2 Qe8 25. Qg3 Bd7 26. Nxg5 1-0

[Event "Oebro Nytaar 2022"]
[Site "Copenhagen"]
[Date "2022.12.29"]
[Round "5.4"]
[White "Olsen, Peter Erik"]
[Black "Gregor, Bjarke"]
[Result "1/2-1/2"]
[WhiteElo "2170"]
[BlackElo "2066"]
[PlyCount "82"]
[EventDate "2022.12.27"]
[EventType "swiss"]
[EventRounds "7"]
[EventCountry "DEN"]
[SourceTitle "Live"]

1. d4 Nf6 2. Bg5 d5 3. e3 e6 4. Bd3 c5 5. c3 Nc6 6. Nf3 Be7 7. Nbd2 cxd4 8.
exd4 O-O 9. O-O h6 10. Bh4 Nh5 11. Bxe7 Qxe7 12. Re1 Bd7 13. Ne5 Nf4 14. Ndf3
Be8 15. Qd2 Nxe5 16. dxe5 Nxd3 17. Qxd3 a6 18. Nd4 b5 19. a3 Rb8 20. b4 Rc8 21.
Nb3 Rc4 22. Nc5 f6 23. f3 a5 24. Re3 f5 25. Ree1 f4 26. Nb3 a4 27. Nd4 g5 28.
Rac1 Kg7 29. Qd2 Bd7 30. Qd3 Qf7 31. Re2 h5 32. h3 Kh6 33. Rf1 Rfc8 34. Rc1 Be8
35. Ree1 Bd7 36. Kf2 Rf8 37. Re2 h4 38. Ree1 Be8 39. Kg1 Qd7 40. Qd2 Bg6 41.
Kh2 Rfc8 1/2-1/2

[Event "Oebro Nytaar 2022"]
[Site "Copenhagen"]
[Date "2022.12.29"]
[Round "5.5"]
[White "Meskenas, Paulius"]
[Black "Porte, Henrik"]
[Result "1-0"]
[WhiteElo "2073"]
[BlackElo "2164"]
[PlyCount "83"]
[EventDate "2022.12.27"]
[EventType "swiss"]
[EventRounds "7"]
[EventCountry "DEN"]
[SourceTitle "Live"]

1. e4 c6 2. Nf3 d5 3. d3 Bg4 4. h3 Bxf3 5. Qxf3 e6 6. g4 Bd6 7. Be3 Nd7 8. Nd2
Qc7 9. Bg2 Ne7 10. d4 Nc8 11. O-O Ncb6 12. a4 a5 13. Rfc1 O-O 14. c4 dxc4 15.
Nxc4 Nxc4 16. Rxc4 Rac8 17. Bd2 Rfd8 18. Rac1 Ra8 19. Qe3 Be7 20. R4c2 Nb6 21.
b3 Bf6 22. Bc3 h6 23. f4 Rd7 24. Rd1 Qd8 25. Bb2 Be7 26. Rcd2 Bb4 27. Rd3 Rc8
28. Kh1 Rd6 29. g5 hxg5 30. fxg5 Rd7 31. h4 Be7 32. Bh3 Bb4 33. Qe2 Qe7 34. Rf1
Rcd8 35. Qg4 c5 36. d5 exd5 37. e5 d4 38. e6 Qd6 39. exd7 Nxd7 40. g6 Ne5 41.
gxf7+ Kf8 42. Qh5 1-0

[Event "Oebro Nytaar 2022"]
[Site "Copenhagen"]
[Date "2022.12.29"]
[Round "5.6"]
[White "Loftgaard, Mikkel Vinh"]
[Black "Jarlskov, Daniel Tuk Hartso"]
[Result "1/2-1/2"]
[WhiteElo "2130"]
[BlackElo "2020"]
[PlyCount "57"]
[EventDate "2022.12.27"]
[EventType "swiss"]
[EventRounds "7"]
[EventCountry "DEN"]
[SourceTitle "Live"]

1. e4 c6 2. Nf3 d5 3. d3 dxe4 4. dxe4 Qxd1+ 5. Kxd1 Nd7 6. c3 Ngf6 7. Nfd2 g6
8. f3 Bh6 9. a4 O-O 10. Nc4 Bxc1 11. Kxc1 Nb6 12. a5 Nxc4 13. Bxc4 Rd8 14. Nd2
Ne8 15. Nb3 Nc7 16. Nc5 b6 17. axb6 axb6 18. Rxa8 Nxa8 19. Nb3 e5 20. Kc2 Nc7
21. Ra1 Kf8 22. Ra7 Rd7 23. Nd2 Ke7 24. Be2 b5 25. f4 Ne6 26. Rxd7+ Bxd7 27.
fxe5 Nf4 28. Bf3 g5 29. g3 1/2-1/2

[Event "Oebro Nytaar 2022"]
[Site "Copenhagen"]
[Date "2022.12.29"]
[Round "5.7"]
[White "Lauritsen, Martin Lee"]
[Black "Wahlgreen, Noah Krug"]
[Result "1/2-1/2"]
[WhiteElo "2058"]
[BlackElo "1981"]
[PlyCount "75"]
[EventDate "2022.12.27"]
[EventType "swiss"]
[EventRounds "7"]
[EventCountry "DEN"]
[SourceTitle "Live"]

1. e4 c6 2. d4 d5 3. e5 Bf5 4. h4 h5 5. Bd3 Bxd3 6. Qxd3 Qa5+ 7. Bd2 Qa6 8.
Qxa6 Nxa6 9. Nc3 e6 10. Nge2 c5 11. Nb5 cxd4 12. Nexd4 Bc5 13. c3 Kd7 14. Nb3
Ne7 15. Ke2 Ng6 16. f4 Be7 17. g3 Nc5 18. Nxc5+ Bxc5 19. Be3 Bxe3 20. Kxe3 f6
21. exf6 gxf6 22. Rad1 Ne7 23. Kf2 e5 24. fxe5 fxe5 25. Rhe1 a6 26. Na3 Ke6 27.
c4 Raf8+ 28. Kg2 Rf7 29. cxd5+ Nxd5 30. Nc4 Rf5 31. Re2 b5 32. Nd2 Rg8 33. Kh2
Rgf8 34. Ne4 Rf1 35. Nc5+ Kd6 36. Ne4+ Ke6 37. Nc5+ Kd6 38. Ne4+ 1/2-1/2

[Event "Oebro Nytaar 2022"]
[Site "Copenhagen"]
[Date "2022.12.29"]
[Round "5.8"]
[White "Mollasoltani, Aryan"]
[Black "Kistrup, Nicolai"]
[Result "1/2-1/2"]
[WhiteElo "2008"]
[BlackElo "2290"]
[PlyCount "118"]
[EventDate "2022.12.27"]
[EventType "swiss"]
[EventRounds "7"]
[EventCountry "DEN"]
[SourceTitle "Live"]

1. e4 c5 2. Nf3 d6 3. d4 cxd4 4. Nxd4 Nf6 5. Nc3 a6 6. Be3 e5 7. Nb3 Be7 8. h3
h6 9. Qf3 b5 10. Bd3 b4 11. Nd5 Nxd5 12. exd5 a5 13. a3 bxa3 14. Rxa3 O-O 15.
Bf5 a4 16. Nd2 Bxf5 17. Qxf5 Qc8 18. Qxc8 Rxc8 19. c4 Nd7 20. Ke2 f5 21. f3 Bg5
22. Rha1 Bxe3 23. Kxe3 Nb6 24. b3 axb3 25. Rxa8 Rxa8 26. Rxa8+ Nxa8 27. Nxb3
Nb6 28. Kd3 Kf7 29. Kc3 Ke7 30. Kb4 Kd7 31. Kb5 Na8 32. c5 Nc7+ 33. Kc4 dxc5
34. Nxc5+ Kd6 35. Nb7+ Kd7 36. Nc5+ Kd6 37. Nb7+ Kd7 38. d6 Ne6 39. Kd5 e4 40.
fxe4 fxe4 41. Kxe4 Kc6 42. Ke5 Nf8 43. Na5+ Kb5 44. Kd5 Kxa5 45. Kc6 Kb4 46. d7
Ne6 47. Kd6 Nd8 48. Ke7 Nc6+ 49. Kf7 Kc5 50. Kxg7 Kd6 51. Kxh6 Kxd7 52. g4 Ke6
53. g5 Ne5 54. g6 Kf6 55. g7 Nf7+ 56. Kh7 Ng5+ 57. Kh8 Nf7+ 58. Kg8 Ng5 59. Kf8
Ne6+ 1/2-1/2

[Event "Oebro Nytaar 2022"]
[Site "Copenhagen"]
[Date "2022.12.29"]
[Round "5.9"]
[White "Thorsbro, Peter"]
[Black "Petersen, Steen Brustrup"]
[Result "1/2-1/2"]
[WhiteElo "2193"]
[BlackElo "2097"]
[PlyCount "180"]
[EventDate "2022.12.27"]
[EventType "swiss"]
[EventRounds "7"]
[EventCountry "DEN"]
[SourceTitle "Live"]

1. d4 Nf6 2. Nf3 g6 3. g3 d5 4. Bg2 Bg7 5. O-O O-O 6. c4 c6 7. Nc3 dxc4 8. Ne5
Be6 9. e4 Nbd7 10. f4 Nxe5 11. fxe5 Nd7 12. Be3 b5 13. g4 Nb6 14. h3 Qc7 15.
Qe1 Rad8 16. Rd1 Bc8 17. a3 f6 18. exf6 Rxf6 19. Rxf6 exf6 20. Qf2 Nd7 21. e5
fxe5 22. d5 Rf8 23. Qd2 e4 24. dxc6 Qxc6 25. Nxe4 Ne5 26. Ng5 Qc7 27. Qd5+ Kh8
28. Bc5 Nd3 29. Bxf8 Bxf8 30. Rf1 Bc5+ 31. Kh1 Nf2+ 32. Rxf2 Bxf2 33. Qf3 Bc5
34. Qf6+ Qg7 35. Nf7+ Kg8 36. Qd8+ Qf8 37. Qc7 Be6 38. Ng5 Qe7 39. Qxe7 Bxe7
40. Nxe6 Bf6 41. Bd5 Bxb2 42. Nc7+ Kg7 43. Nxb5 a6 44. Nc7 c3 45. Bb3 Bxa3 46.
Nd5 Bc1 47. Nxc3 Kf6 48. Kg2 Kg5 49. Ne4+ Kh4 50. Nc5 a5 51. Bg8 h5 52. gxh5
Kxh5 53. Nb3 Bb2 54. Nxa5 Kh6 55. Be6 Bc3 56. Nc4 Ba1 57. Kf3 Bc3 58. Kg4 Bd4
59. Nd6 Be3 60. Bc4 Bc1 61. Bd3 Bd2 62. Nf7+ Kg7 63. Ne5 g5 64. Kf5 Bc1 65. Be2
Bd2 66. Bh5 Bc1 67. Nf7 Bd2 68. Nd6 Bc1 69. Kg4 Bd2 70. Ne4 Bc1 71. Be8 Kf8 72.
Bd7 Kg7 73. Bf5 Be3 74. Ng3 Bc1 75. Nh5+ Kh6 76. Bd3 Be3 77. Ng3 Bf4 78. Nf5+
Kh7 79. Kh5 Kg8 80. Kg4 Bc1 81. Kh5 Bd2 82. Kg6 Bc1 83. Bc4+ Kf8 84. Ng7 Ke7
85. Ne6 Bd2 86. Nxg5 Kf8 87. Ne4 Bc1 88. h4 Ke7 89. h5 Kf8 90. Ng5 Bxg5 1/2-1/2

[Event "Oebro Nytaar 2022"]
[Site "Copenhagen"]
[Date "2022.12.29"]
[Round "5.10"]
[White "Iskos, Lukas"]
[Black "Nielsen, Lars Aaes"]
[Result "0-1"]
[WhiteElo "1951"]
[BlackElo "2182"]
[PlyCount "92"]
[EventDate "2022.12.27"]
[EventType "swiss"]
[EventRounds "7"]
[EventCountry "DEN"]
[SourceTitle "Live"]

1. d4 b6 2. Nf3 Nf6 3. Bf4 Ba6 4. Nbd2 d5 5. c3 c6 6. Qc2 e6 7. Rd1 Bd6 8. Bg3
O-O 9. e4 Bxf1 10. Kxf1 dxe4 11. Nxe4 Be7 12. Ne5 Nxe4 13. Qxe4 Qd5 14. Qxd5
cxd5 15. f3 Rc8 16. a3 b5 17. Ke2 Nc6 18. Nxc6 Rxc6 19. Kd3 a5 20. Ra1 Rac8 21.
Rhc1 g6 22. Be5 g5 23. h3 f6 24. Bh2 Kf7 25. Rc2 h5 26. Bg3 h4 27. Bh2 Kg6 28.
Rac1 Kf5 29. Re1 Bf8 30. Ree2 Bg7 31. Re1 e5 32. Rce2 Re8 33. Re3 Rce6 34. R3e2
Bf8 35. Rc1 Rc6 36. Rce1 Bd6 37. Rf2 Rec8 38. Ree2 b4 39. axb4 axb4 40. cxb4
Rc4 41. dxe5 fxe5 42. b5 Rd4+ 43. Ke3 Bc5 44. Rc2 Rc4+ 45. Kd3 Bxf2 46. Rxf2
Rb4 0-1